000 00528nam a2200169Ia 4500
005 20241218033740.0
008 240331s9999 xx 000 0 und d
020 _a8179922375
082 _bARV
_25987
_a305
100 _aKhaire, A
245 0 _aEvery Woman's Survival Manual
_bTransform Your Body Into A Devastating Weapon
250 _a2nd
260 _aMumbai
_bJaico Publishing Home
_c2006
300 _a140 p.,
500 _aAn exclusive guide teaching women how to protect themselves in dangerous situations.
942 _cL
999 _c2553
_d2553